MARC details
| 000 -LÍDER |
| campo de controle de tamanho fixo |
01461 a2200241 4500 |
| 001 - NÚMERO DE CONTROLE |
| campo de controle |
106503 |
| 020 ## - ISBN - INTERNATIONAL STANDARD BOOK NUMBER |
| ISBN - International Standard Book Number |
9788574120980 |
| 041 ## - CÓDIGO DE IDIOMA |
| Código do idioma do texto/trilha sonora ou título diferente |
por |
| 082 ## - CDD - CLASSIFICAÇÃO DECIMAL DE DEWEY |
| Número de Classificação |
028.5 |
| 040 ## - FONTE DA CATALOGAÇÃO |
| Instituição da catalogação original |
BR-BrIDEA |
| Instituição que transcreveu o registro |
BR-BrIDEA |
| 090 ## - NÚMERO DE CHAMADA LOCAL |
| Número de chamada (OCLC) (R); Número de chamada, CALL (RLIN) (NR) |
AP SK 028 |
| Número Cutter local (OCLC); Número de classificação do livro, CALL (RLIN) |
WIL |
| 100 ## - ENTRADA PRINCIPAL--NOME PESSOAL |
| Nome pessoal |
Wild, Margaret. |
| 240 10 - TÍTULO UNIFORME |
| Título uniforme |
The pocket dogs |
| Idioma da obra |
Português |
| 245 10 - TÍTULO |
| Título |
Filhotes de bolso |
| Indicação de responsabilidade, etc. |
Margaret Wild; ilustrações de Stephen Michael King; tradução de Gilda de Aquino |
| 260 ## - PUBLICAÇÃO, DISTRIBUIÇÃO, ETC. |
| Local de publicação, distribuição, etc. |
São Paulo |
| Nome do editor, distribuidor, etc. |
Brinque-Book |
| Data da publicação, distribuição, etc. |
2002 |
| 300 ## - DESCRIÇÃO FÍSICA |
| Extensão |
32 p. |
| Outros detalhes físicos |
il. color. |
| 520 ## - NOTA DE RESUMO, ETC |
| Resumo, etc. |
Seu Totó não é um homem como outro qualquer, a começar pelo seu nome: Totó!? E lá isso é nome de gente?! É sim, é o nome do Seu Totó, um verdadeiro apaixonado por cachorros, ou melhor, por cachorros daqueles bem pequenininhos. Ele é o dono de dois deles: Bife e Bufe. Não há lugar para onde vá que Seu Totó não leve Bife e Bufe. Para conseguir transportá-los, faça sol ou faça chuva, Seu Totó veste um casaco enorme, que tem dois bolsos enormes. Em cada bolso enorme, um dos cachorrinhos pequenininhos. É assim, com um filhote em cada enorme bolso do enorme casaco, que Seu Totó sai a caminhar para todo lado. Mas, um dia, um acidente inesperado: um furo no bolso direito acaba virando um buracão e, por ele, Bife cai no chão. |
| 521 ## - NOTA DO PÚBLICO ALVO |
| Nota de público alvo |
IK |
| 697 ## - ENTRADA DE ASSUNTO LOCAL--ENTIDADE COLETIVA (RLIN) |
| Nome corporativo ou nome da jurisdição |
Literatura infanto-juvenil |
| 700 ## - ENTRADA ADICIONADA - NOME PESSOAL |
| Nome pessoal |
King, Stephen Michael |
| Datas associadas ao nome |
1963 |
| Função do autor por extenso |
ilustrador |
| Nome pessoal |
Aquino, Gilda de |
| Função do autor por extenso |
tradutor |
| 856 ## - LOCALIZAÇÃO ELETRÔNICA E ACESSO |
| Uniform Resource Identifier |
<a href="00000f/00000f14.jpg">00000f/00000f14.jpg</a> |
| 942 ## - ELEMENTOS DE ENTRADA ADICIONADOS (KOHA) |
| Tipo de material Koha |
Livros |